[Event "Ville d'Orsay online Blitz"]
[Site "Europe Echecs INT"]
[Date "2021.02.07"]
[Round "9"]
[White "Dumont, Frederic"]
[Black "Stefanova, Antoaneta"]
[Result "0-1"]
[WhiteElo "1366"]
[BlackElo "2470"]
[PlyCount "56"]
[EventDate "2021.02.07"]
[EventType "swiss (blitz)"]
[EventRounds "11"]
[EventCountry "FRA"]
[SourceTitle "CBM 200 Extra"]
[Source "ChessBase"]
[SourceDate "2021.03.31"]
[SourceVersion "1"]
[SourceVersionDate "2021.03.31"]
[SourceQuality "1"]

1. f4 d5 2. d4 Nf6 3. e3 c5 4. c3 Nc6 5. Nf3 Bf5 6. Be2 e6 7. 0-0 h6 8. Nbd2 Be7 9. Bb5 0-0 10. Ba4 Ne4 11. Bc2 Bg6 12. Nxe4 dxe4 13. Ne5 Nxe5 14. fxe5 f6 15. Qg4 Bf5 16. Qg3 fxe5 17. dxe5 Bh4 18. Qf4 g5 19. Qxh4 gxh4 20. b3 Qd5 21. Bb2 Qd2 22. Rac1 Qxe3+ 23. Kh1 Bg6 24. Rfe1 Qg5 25. Bxe4 Bxe4 26. Rxe4 Rf2 27. g4 Rxb2 28. Rf1 Qd2 0-1